000 00303nam a2200133 a 4500
001 4140
005 20140414131911.0
008 090218s19uu xx 00 eng d
050 _aER
_bEn1 1994
245 _aThe enormous turnip.
260 _bLadybird.
440 _aWell-loved tales
999 _c111236
_d111236